000 00453nam a22001697a 4500
003 CEME
005 20210628205335.0
008 210311b xxu||||| |||| 00| 0 eng d
020 _a0-88236-125-2
040 _c.
082 _a004 SHE'C
100 _aShelly, Gary.B Cashman, Thomas.J
_975035
245 _aComputer fundamentals for an information age
260 _aUSA
_bANAHEIM PUBLISHING
_c1984
300 _aVARIUOS PAGES, ILLS
942 _cBK
_2ddc
999 _c580530
_d580530